Gesamtweltcupsieger Biathlon seit 2000 - Statistiken

Allgemein
  • Dieses Quiz wurde 74 mal gespielt
  • Das Durchschnittsergebnis liegt bei 20 aus 25
Antwortstatistiken
Jahr Antwort % Korrekt
2018/ 2019 Johannes Thinges Bö
100%
2019/ 2020 Johannes Thinges Bö
100%
2020/ 2021 Johannes Thinges Bö
100%
2022/ 2023 Johannes Thinges Bö
100%
2023/ 2024 Johannes Thinges Bö
100%
2010/ 2011 Tarjei Bö
100%
2014/ 2015 Martin Fourcade
90%
2011/ 2012 Martin Fourcade
90%
2012/ 2013 Martin Fourcade
90%
2013/ 2014 Martin Fourcade
90%
2015/ 2016 Martin Fourcade
90%
2016/ 2017 Martin Fourcade
90%
2017/ 2018 Martin Fourcade
90%
2002/ 2003 Ole Einar Björndalen
87%
2004/ 2005 Ole Einar Björndalen
87%
2005/ 2006 Ole Einar Björndalen
87%
2007/ 2008 Ole Einar Björndalen
87%
2008/ 2009 Ole Einar Björndalen
87%
2024/ 2025 Sturla Holm Laegreid
64%
2021/ 2022 Quentin Fillon Maillet
61%
2009/ 2010 Emil Hegle Svendsen
43%
2006/ 2007 Michael Greis
41%
2000/ 2001 Raphael Poirée
38%
2001/ 2002 Raphael Poirée
38%
2003/ 2004 Raphael Poirée
38%
Keine übereinstimmenden Quizze gefunden
Verteilung der Resultate
Anzahl Personen mit jedem Resultat
Perzentil nach korrekt beantworteten Fragen
Ihre Resultats-Entwicklung
Sie haben dieses Quiz noch nicht gespielt